Barclay in brief : (Record no. 30425)
[ view plain ]
| 000 -LEADER | |
|---|---|
| fixed length control field | 00603nam a22001811a 4500 |
| 003 - CONTROL NUMBER IDENTIFIER | |
| control field | NEGST |
| 005 - DATE AND TIME OF LATEST TRANSACTION | |
| control field | 20110718130714.0 |
| 008 - FIXED-LENGTH DATA ELEMENTS--GENERAL INFORMATION | |
| fixed length control field | 030612s1942 pau 001 0 eng d |
| 100 1# - MAIN ENTRY--PERSONAL NAME | |
| Personal name | Barclay, Robert. |
| 245 10 - TITLE STATEMENT | |
| Title | Barclay in brief : |
| Remainder of title | an abbreviation of Robert Barclay's apology for the true christian divinity / |
| Statement of responsibility, etc | Robert Barclay; by Eleanor Price Mather. |
| Medium | [Text] |
| 260 ## - PUBLICATION, DISTRIBUTION, ETC. (IMPRINT) | |
| Place of publication, distribution, etc | Wallingford, PA |
| Name of publisher, distributor, etc | Pendle Hill |
| Date of publication, distribution, etc | 1942 |
| 300 ## - PHYSICAL DESCRIPTION | |
| Extent | 68p. |
| 490 0# - SERIES STATEMENT | |
| Series statement | Pendle Hill pamphlet; 28 |
| 590 ## - LOCAL NOTE (RLIN) | |
| Local note | Accession number: 13360 |
| 650 #0 - SUBJECT ADDED ENTRY--TOPICAL TERM | |
| Topical term or geographic name as entry element | Friends, Society of. |
| 700 1# - ADDED ENTRY--PERSONAL NAME | |
| Personal name | Mather, Eleanor Price. |
| Withdrawn status | Lost status | Source of classification or shelving scheme | Damaged status | Not for loan | Collection code | Home library | Current library | Shelving location | Date acquired | Source of acquisition | Cost, normal purchase price | Total Checkouts | Full call number | Barcode | Date last seen | Date checked out | Copy number | Price effective from | Koha item type |
|---|---|---|---|---|---|---|---|---|---|---|---|---|---|---|---|---|---|---|---|
| Library of Congress Classification | General Circulation | AIU/NEGST - Tony Wilmot Memorial Library | AIU/NEGST - Tony Wilmot Memorial Library | General Stacks | 09/09/2009 | Donation | 5.00 | 3 | BX 7732.M37 1942 | R05539J3232 | 09/26/2019 | 05/31/2011 | 1 | 09/09/2009 | Books |
